Pisada de bruja /
Furkejuvvon:
| Váldodahkki: | |
|---|---|
| Eará dahkkit: | |
| Materiálatiipa: | Girji |
| Giella: | espánnjágiella |
| Almmustuhtton: |
Aguascalientes, México :
Universidad Autónoma de Aguascalientes,
2023, c2023
|
| Ráidu: | (Letras UAA)
|
| Fáttát: | |
| Fáddágilkorat: |
Eai fáddágilkorat, Lasit vuosttaš fáddágilkora!
|
MARC
| LEADER | 00000nam^a2200000^a^4500 | ||
|---|---|---|---|
| 001 | 000579292 | ||
| 005 | 20250521000000.0 | ||
| 009 | 20260310132526.318 | ||
| 020 | |a 978-607-8909-58-2 | ||
| 037 | |a Acervo ITESO - Biblioteca | ||
| 041 | |a ESP | ||
| 082 | |a 863. |b RIV | ||
| 100 | |a Rivero, Iris |e (autor) | ||
| 245 | 1 | 0 | |a Pisada de bruja / |c I. Rivero ; pról. de C. Meza Márquez. |
| 264 | 4 | |a Aguascalientes, México : |b Universidad Autónoma de Aguascalientes, |c 2023, c2023 | |
| 300 | |a 343 p. | ||
| 336 | |a texto |b txt |2 rdacontenido | ||
| 337 | |a sin mediación |b n |2 rdamedio | ||
| 338 | |a volumen |b nc |2 rdasoporte | ||
| 440 | 1 | |a (Letras UAA) | |
| 521 | |a FIL 2023 DIA | ||
| 649 | |a XX | ||
| 650 | |a Brujos y Chamanes en la Literatura | ||
| 650 | |a Mujeres en la Literatura | ||
| 650 | |a Sagas Modernas | ||
| 650 | |a Novela Histórica | ||
| 650 | |a Novela Fantástica | ||
| 650 | |a Novela Mexicana | ||
| 650 | |a Literatura e Historia | ||
| 650 | |a Literatura Fantástica | ||
| 650 | |a Literatura de Mujeres - |z México | ||
| 650 | |a Literatura Mexicana - |y Siglo XXI | ||
| 650 | |a Escocia en la Literatura | ||
| 700 | |a Meza Márquez, Consuelo |e (prólogo) | ||
| 910 | |a Fondo General | ||
| 920 | |a Impresos - Libros | ||
| 930 | |a Colección General | ||
| 940 | |a Literatura | ||
| 905 | |a 101 | ||
| 901 | |a 0500403751 |b IT1 |c LIT |i C184534 |u 20250521 | ||
| 902 | |a https://opac.biblio.iteso.mx/vufind/Record/000579292 | ||